000
00200 a2200097 4500
001
4837
100
_a
Moulton,F.R
245
_a
Autobigraphy of science
260
_a
_b
Mweray
_c
090
_c
4028
_d
4028
942
_a
NUST-CAE
_c
M
_c
30299
999
_c
239910
_d
239910